000 00335nam a2200145Ia 4500
008 221030s9999 xx 000 0 und d
041 _aEnglish
082 _a105.23
100 _aM. R. Wear
245 0 _aPhysics of the Atom
_cby M. R. Wear, J. A. Richards
260 _c0
650 _aB
700 _aJ. A. Richards
942 _cBK
999 _c10579
_d10579